00263nam a2200109Ia 4500008004100000020001800041041000800059100002300067245002600090260002900116300000800145230822s2007 xx 000 0 und d a1-84091-316-9 aeng aCONRAN S.& BOND M. aCONTEMPORARY LIGHTING bOCTOPUS PUBLISHINGc2007 a128